000
00263nam a22001217a 4500
008
170703b xxu||||| |||| 00| 0 eng d
041
_a
eng
080
_a
811
100
_a
22
101
_a
GJL
245
_a
RELIGION OF THE WORLD
_c
VERNON.S
942
_2
udc
_c
BK
999
_c
19829
_d
19829